Los preuves de l'existence de Dieu

Guardat en:
Dades bibliogràfiques
Autor principal: Hegel, Georg Wilhelm Friedrich (autor)
Format: Llibre
Idioma:espanyol
Publicat: París Aubier 1947
Matèries:
Etiquetes: Afegir etiqueta
Sense etiquetes, Sigues el primer a etiquetar aquest registre!

MARC

LEADER 00000nam a2200000 a 4500
001 UCZ0833
003 CL-VaPUC
008 950810e19470000FR |||||||||||||||||spa|d
082 0 4 |a 147  |b HEG  |2 21 
100 |a Hegel, Georg Wilhelm Friedrich  |e autor  |9 580639 
245 1 4 |a Los preuves de l'existence de Dieu 
300 |a 248 p 
942 |c BK 
945 |d 19950810 00:00:00  |a aalvarez 
260 |a París  |b Aubier  |c 1947 
600 0 |a Dios  |9 314467 
583 |a last modification  |c 19950810 00:00:00  |k Rodrigo Vera 
999 |c 237728  |d 237726 
952 |0 0  |1 0  |4 0  |6 147_000000000000000_HEG_1947  |7 0  |8 P  |9 247380  |a BIBEDU  |b BIBEDU  |c BIBEDU_PB  |d 2019-11-18  |i 3115836  |o 147 HEG 1947  |p 3115836  |r 2024-01-25  |w 2019-11-18  |y BK  |k FIL 
952 |0 0  |1 0  |4 0  |6 147_000000000000000_HEG_1947  |7 0  |8 P  |9 247381  |a BIBEDU  |b BIBEDU  |c BIBEDU_PB  |d 2019-11-18  |i 1581953  |o 147 HEG 1947  |p 1581953  |r 2024-01-25  |w 2019-11-18  |y BK  |k FIL